000 00455nam a2200157 i 4500
001 149649
003 ES-MaACL
005 20230906203207.0
007 t|
008 071023s1915 fr ||||1| spa d
100 1 _aVargas Vila, José María.
_9113218
245 1 3 _aEl ritmo de la vida
_b: motivos para pensar /
_cJ. M. Vargas Vila.
260 _aParis :
_b[s.n.],
_c1915 (
_fVda. de Bouret)
300 _a352 p. ;
_c18 cm.
852 _aES-MaACL
_jF-4751
999 _c149649
_d149649